Black Dove, White Raven /
Emilia and Teo's lives changed in a fiery, terrifying instant when a bird strike brought down the plane their stunt pilot mothers were flying. Teo's mother died immediately, but Em's survived, determined to raise Teo according to his late mother's wishes -- in a place where he wo...
| Main Author: | |
|---|---|
| Format: | Book |
| Language: | English |
| Published: |
Los Angeles ; New York :
Hyperion,
2015.
|
| Subjects: | |
| Online Access: | Contributor biographical information Publisher description |
MARC
| Tag | First Indicator | Second Indicator | Subfields |
|---|---|---|---|
| LEADER | 00000cam a2200000 i 4500 | ||
| 001 | in00003531521 | ||
| 005 | 20151105195504.0 | ||
| 008 | 141219s2015 cau d 000 1 eng | ||
| 010 | |a 2014044446 | ||
| 019 | |a 868044556 | ||
| 020 | |a 9781423183105 (hbk.) | ||
| 020 | |a 142318310X (hbk.) | ||
| 035 | |a (OCoLC)ocn868040490 | ||
| 035 | |a (OCoLC)868040490 | ||
| 040 | |a DLC |b eng |e rda |c DLC |d IG# |d BTCTA |d YDXCP |d UPZ |d IEP |d OCO |d INR |d NDS |d UtOrBLW | ||
| 043 | |a f-et--- | ||
| 049 | |a TXAM | ||
| 050 | 0 | 0 | |a PZ7.W4358 |b Bl 2015 |
| 082 | 0 | 0 | |a [Fic] |2 23 |
| 084 | |a JUV016000 |a JUV039060 |a JUV001000 |2 bisacsh | ||
| 100 | 1 | |a Wein, Elizabeth, |e author. | |
| 245 | 1 | 0 | |a Black Dove, White Raven / |c Elizabeth Wein. |
| 264 | 1 | |a Los Angeles ; |a New York : |b Hyperion, |c 2015. | |
| 300 | |a 357 pages ; |c 22 cm | ||
| 336 | |a text |b txt |2 rdacontent | ||
| 337 | |a unmediated |b n |2 rdamedia | ||
| 338 | |a volume |b nc |2 rdacarrier | ||
| 520 | |a Emilia and Teo's lives changed in a fiery, terrifying instant when a bird strike brought down the plane their stunt pilot mothers were flying. Teo's mother died immediately, but Em's survived, determined to raise Teo according to his late mother's wishes -- in a place where he won't be discriminated against because of the color of his skin. But in 1930s America, a white woman raising a black adoptive son alongside a white daughter is too often seen as a threat. Seeking a home where her children won't be held back by ethnicity or gender, Rhoda brings Em and Teo to Ethiopia, and all three fall in love with the beautiful, peaceful country. But that peace is shattered by the threat of war with Italy, and teenage Em and Teo are drawn into the conflict. Will their devotion to their country, its culture and people, and each other be their downfall or their salvation? | ||
| 650 | 0 | |a Italo-Ethiopian War, 1935-1936 |v Juvenile fiction. | |
| 650 | 0 | |a Brothers and sisters |v Juvenile fiction. | |
| 650 | 0 | |a Air pilots |v Juvenile fiction. | |
| 650 | 0 | |a Race relations |v Juvenile fiction. | |
| 650 | 0 | |a Adoption |v Juvenile fiction. | |
| 651 | 0 | |a Ethiopia |x History |y 1889-1974 |v Juvenile fiction. | |
| 650 | 1 | |a Italo-Ethiopian War, 1935-1936 |v Fiction. | |
| 650 | 1 | |a Americans |z Ethiopia |v Fiction. | |
| 650 | 1 | |a Brothers and sisters |v Fiction. | |
| 650 | 1 | |a Air pilots |v Fiction. | |
| 650 | 1 | |a Adventure and adventurers |v Fiction. | |
| 650 | 1 | |a Race relations |v Fiction. | |
| 650 | 1 | |a Adoption |v Fiction. | |
| 651 | 1 | |a Ethiopia |x History |y 1889-1974 |v Fiction. | |
| 650 | 7 | |a JUVENILE FICTION / Historical / General. |2 bisacsh | |
| 650 | 7 | |a JUVENILE FICTION / Social Issues / Friendship. |2 bisacsh | |
| 650 | 7 | |a JUVENILE FICTION / Action & Adventure / General. |2 bisacsh | |
| 655 | 0 | |a Young adult fiction. | |
| 856 | 4 | 2 | |3 Contributor biographical information |u http://catdir.loc.gov/catdir/enhancements/fy1503/2014044446-b.html |t 0 |
| 856 | 4 | 2 | |3 Publisher description |u http://catdir.loc.gov/catdir/enhancements/fy1503/2014044446-d.html |t 0 |
| 938 | |a Ingram |b INGR |n 9781423183105 | ||
| 938 | |a Baker and Taylor |b BTCP |n BK0014283149 | ||
| 938 | |a YBP Library Services |b YANK |n 11567064 | ||
| 947 | |a A14842980212 | ||
| 945 | |a PromptCat |b 186146 | ||
| 946 | |a curr | ||
| 994 | |a 92 |b TXA | ||
| 948 | |a Cataloged |b h |c 2015/5/13 |d c |e AReeder | ||
| 999 | |a MARS | ||
| 999 | f | f | |s 6d969613-0ec2-3862-88ed-6abcaea672a7 |i f2298b95-cb65-3d35-a0e1-5aacbebdd640 |t 0 |
| 952 | f | f | |p normal |a Texas A&M University |b College Station |c Sterling C. Evans Library |d Evans: Curriculum Collection (4th floor) |t 0 |e PZ7.W4358 Bl 2015 |h Library of Congress classification |i unmediated -- volume |m A14842980212 |
| 998 | f | f | |a PZ7.W4358 Bl 2015 |t 0 |l Evans: Curriculum Collection (4th floor) |